000 00314nam a2200145 i 4500
001 bg
245 0 0 _aEncyklopedia Powszechna PWN.
_nT.1.
250 _aWyd. 3.
260 _aWarszawa,
_c1983.
040 _cBPK
041 _apol
080 _a0/9(03)
942 _cKS
008 s pl f |000 0 pol
999 _c22988
_d22988
856 _uhttp://koha.tu.koszalin.pl/cgi-bin/koha/opac-detail.pl?biblionumber=22988
_yKatalog online BPK